Proporcionalidad /
Es muy común el uso de las palabras proporcional y proporcionalidad. En el lenguaje cotidiano aparecen también otras como razón, desproporción y relación, que están vinculadas a la proporcionalidad. Todas ellas tienen significados que varían según el contexto en que se las encuentre y estudie. En es...
Guardado en:
| Autor Principal: | |
|---|---|
| Autor Corporativo: | |
| Formato: | |
| Publicado: |
Argentina,
2009
|
| Series: | Horizontes Matemática - Capítulo 8
|
| Materias: | |
| Acceso en línea: | https://www.educ.ar/recursos/50794/proporcionalidad |
| Etiquetas: |
Agregar Etiqueta
Sin Etiquetas, Sea el primero en etiquetar este registro!
|
| LEADER | 01343ngm a22003015g 4500 | ||
|---|---|---|---|
| 001 | CEM.cems023564 | ||
| 008 | 130507s2009##################0###0#####d | ||
| 005 | 20250605170318.0 | ||
| 245 | 1 | 0 | |a Proporcionalidad / |c Oski Guzmán. |
| 260 | |a Argentina, |c 2009 | ||
| 300 | |a 28'. | ||
| 490 | 0 | |a Horizontes Matemática - Capítulo 8 | |
| 538 | |a Soporte: DVD - Color: Si - Grabación DRD | ||
| 520 | |a Es muy común el uso de las palabras proporcional y proporcionalidad. En el lenguaje cotidiano aparecen también otras como razón, desproporción y relación, que están vinculadas a la proporcionalidad. Todas ellas tienen significados que varían según el contexto en que se las encuentre y estudie. En este caso se hace referencia en particular a las relaciones de proporcionalidad directa en la vida diaria, en geometría y en el arte y la arquitectura. | ||
| 500 | |a Consultar en ventanilla. | ||
| 100 | 1 | |a Guzmán, Oski | |
| 710 | 2 | |a Canal Encuentro. | |
| 082 | 5 | 1 | |/ GUZ |
| 653 | |a MATEMATICA | ||
| 653 | |a PROPORCIONES | ||
| 653 | |a PROPORCIONALIDAD | ||
| 653 | |a RELACIONES | ||
| 653 | |a ARQUITECTURA | ||
| 653 | |a GEOMETRIA | ||
| 653 | |a SERIE DE TELEVISIÓN | ||
| 653 | |a DOCUMENTAL | ||
| 856 | |u https://www.educ.ar/recursos/50794/proporcionalidad | ||
| 859 | |a CEMS |b BIB. CEMS - Depto. Recursos Didacticos |h 519 |i GUZ |k DRD |p 2207.15 |t Ej.1 | ||
